La reproducción de microculturas patriarcales y masculinidades hegemónicas a través del Teen Pop (Record no. 199077)
[ view plain ]
| 000 -CABECERA | |
|---|---|
| campo de control de longitud fija | 01691nab a2200241 a 4500 |
| 005 - FECHA Y HORA DE LA ÚLTIMA TRANSACCIÓN | |
| campo de control | 20240913063748.0 |
| 008 - ELEMENTOS DE LONGITUD FIJA--INFORMACIÓN GENERAL | |
| campo de control de longitud fija | 991125c2016 sp ar p o 000 0 spa d |
| 035 ## - NÚMERO DE CONTROL DEL SISTEMA | |
| Número de control de sistema | UPN01000226981 |
| 040 ## - FUENTE DE LA CATALOGACIÓN | |
| Centro catalogador/agencia de origen | UPN |
| Lengua de catalogación | spa |
| Centro/agencia transcriptor | UPN |
| Normas de descripción | aacr2 |
| 049 ## - COLECCIÓN | |
| Colección | ART-E |
| 100 1# - ASIENTO PRINCIPAL--NOMBRE PERSONAL | |
| Nombre de persona | García Marín, Jorge |
| Enlace | - jorge.marin@usc.es |
| 245 13 - MENCIÓN DE TÍTULO | |
| Título | La reproducción de microculturas patriarcales y masculinidades hegemónicas a través del Teen Pop |
| Medio | [recurso electrónico en línea] |
| 506 0# - NOTA DE RESTRICCIONES AL ACCESO | |
| Limitaciones de acceso | Acceso abierto |
| 520 3# - NOTA DE RESUMEN, ETC. | |
| Sumario, etc. | A lo largo de los últimos años se han analizado distintas manifestaciones culturales modernas y postmodernas (Disney, Hollywood, el videojuego GTA, o la publicidad de las grandes marcas serían ejemplo de esto) que reproducen clásicas identidades de género vinculadas a una concepción patriarcal en nuestras avanzadas sociedades, y más en concreto al concepto de masculinidad hegemónica tal y como lo define Connell (2005). El elemento a analizar en este caso, es el grupo musical británico One Direction, a través de las letras de las canciones de sus 5 discos publicados, letras que refuerzan la masculinidad hegemónica y los estereotipos sexistas, así como diversos mitos basados en la dominación masculina como el amor romántico. Recordemos que el público mayoritario y a quien van dirigidas la mayoría de las canciones son chicas adolescentes. |
| 650 #4 - ASIENTO SECUNDARIO DE MATERIA - TERMINO TEMATICO | |
| Término de materia o nombre geográfico como elemento de entrada | Amor |
| 9 (RLIN) | 4320 |
| 650 #4 - ASIENTO SECUNDARIO DE MATERIA - TERMINO TEMATICO | |
| Término de materia o nombre geográfico como elemento de entrada | Cultura |
| 9 (RLIN) | 7095 |
| 653 0# - TERMINO DE INDIZACION - NO CONTROLADO | |
| Término no controlado | Hegemonía masculina |
| 773 ## - ENLACE AL DOCUMENTO FUENTE/ENTRADA DE REGISTRO ANFITRIÓN | |
| Parte(s) relacionada(s) | No. 26 (2016), p. 143-153 |
| Título | Innovación educativa |
| Número Internacional Normalizado para Publicaciones Seriadas | 2340-0056 |
| 856 4# - LOCALIZACIÓN Y ACCESO ELECTRÓNICOS | |
| Identificador Uniforme del Recurso | <a href="https://revistas.usc.gal/index.php/ie/article/view/3646">https://revistas.usc.gal/index.php/ie/article/view/3646</a> |
| 856 4# - LOCALIZACIÓN Y ACCESO ELECTRÓNICOS | |
| Identificador Uniforme del Recurso | <a href="https://doi.org/10.15304/ie.26.3646">https://doi.org/10.15304/ie.26.3646</a> |
| 905 ## - TIPO DE MATERIAL | |
| Tipo de material | Articulo |
| 942 ## - ELEMENTOS DE PUNTO DE ACCESO ADICIONAL (KOHA) | |
| Tipo de ítem Koha | Artículo Electrónico |
| Estado de retiro | Estado de pérdida | Estado dañado | No para préstamo | Código de colección | Localización permanente | Ubicación/localización actual | Ubicación en estantería | Fecha de adquisición | Total de préstamos | Fecha visto por última vez | Identificador Uniforme del Recurso | Precio válido a partir de | Tipo de ítem Koha |
|---|---|---|---|---|---|---|---|---|---|---|---|---|---|
| Acceso abierto | Bib. Gregorio Torres Quintero | Bib. Gregorio Torres Quintero | En línea | 20/10/2023 | 20/10/2023 | https://doi.org/10.15304/ie.26.3646 | 20/10/2023 | Artículo Electrónico |
